The animal advocacy movement in the Baltic states

Titel: The animal advocacy movement in the Baltic states : links to other social justice issues and possibilities for intersectional activism / Kadri Aavik
Verfasser:
In: Journal of Baltic studies, Band 49, Heft 4 (2018), Seite 509-527
alle Artikel anzeigen
Veröffentlicht: 2018
Format: Aufsatz
Sprache: Englisch
Schlagworte:
Kein Bild verfügbar
X
alg: 43949736
001A    $03025:30-11-18 
001B    $01999:31-03-22 $t23:27:18.000 
001D    $03025:30-11-18 
001U    $0utf8 
001X    $00 
002@    $0Oou 
002C    $aText $btxt $2rdacontent 
002D    $aComputermedien $bc $2rdamedia 
002E    $aOnline-Ressource $bcr $2rdacarrier 
003@    $0439497361 
004P    $010.1080/01629778.2018.1473263 
007A    $0439497361 $aHEB 
010@    $aeng 
010E    $erda 
011@    $a2018 
021A    $aThe @animal advocacy movement in the Baltic states $dlinks to other social justice issues and possibilities for intersectional activism $hKadri Aavik 
028A    $BVerfasser $4aut $8Aavik, Kadri [Tp3] $9468222251 
031A    $d49 $e4 $g19 $h509-527 $j2018 
039B    $aEnthalten in $8--Obvc--. Journal of Baltic studies. - London {[u.a.] : Routledge, part of the Taylor & Francis Group, 1972-. - Online-Ressource. - ISSN 1751-7877 $x201800000490004491 $9181873397 
044K    $#Baltische Staaten $#Baltikum $#Baltische Staaten $#Baltische Provinzen $#Russische Ostseeprovinzen $#Baltische Republiken $#Russland, Ostseeprovinzen $74004379-4 $8Baltikum [Tg1] $9085003506 
044K    $REthik $RTierethik $#Animal rights $#Animaux Droits $#Diritti degli animali $#Animales Derechos $#Tierrechte $#Animal rights $74998381-7 $8Tierrecht [Ts1] $9134719786 
044K    $RRecht $RPrivatrechtswissenschaft $#Zivilrecht $#Privatrecht $#Zivilrecht $74047304-1 $8Privatrecht [Ts1] $9085131938 
044K    $RTierschützer $RTierschützerin $#Animal welfare $#Animaux Protection $#Bienestar animal $#animal welfare $#Tierschutz $#Tierschutz $#Tiergerechtheit $74060131-6 $8Tierschutz [Ts1] $9085167010 
044K    $RSozialverhalten $REgoismus $RProsoziales Verhalten $RSelbstlosigkeit $REthik $RDer @Andere $#Altruism $#Altruisme $#Altruismo $#Altruismo $#Altruismus $#Altruismus $74129281-9 $8Altruismus [Ts1] $9085452351 
045F    $a340.09 $eDDC23BSB 
045F/01 $a340.09 
045F/03 $f0905 
045F/03 $g479 
045T    $a7,41 

lok: 43949736 78

exp: 43949736 78 1 #EPN
201B/01 $030-11-18 $t14:24:30.000 
201C/01 $030-11-18 
201U/01 $0utf8 
203@/01 $01035348659 
208@/01 $a30-11-18 $be 
209A/01 $a/ $f000 $x00 
209A/01 $ab*p $x01 
220C/01 $akoe 
247C/01 $82080>Marburg/Lahn, Herder-Institut, Forschungsbibliothek, Bibliographieportal $9336309341
LEADER 00000caa a2200000 c 4500
001 439497361
003 DE-603
005 20220331232718.0
007 cr||||||||||||
008 181130s2018 xx |||| o| u00||u|eng c
024 7 |a 10.1080/01629778.2018.1473263  |2 doi 
035 |a (DE-599)HEB439497361 
040 |a DE-603  |b ger  |c DE-603  |d DE-603  |e rda 
041 |a eng 
082 0 4 |8 1\u  |a 340.09  |q DE-101  |2 23/BSB 
084 |a 7,41  |2 ssgn 
085 |8 1\u  |b 340.09 
085 |8 1\u  |z 1  |s 0905 
085 |8 1\u  |z 2  |s 479 
100 1 |a Aavik, Kadri  |e Verfasser  |4 aut  |0 (DE-603)468222251  |0 (DE-588)1216524971  |2 gnd 
245 0 0 |a ˜Theœ animal advocacy movement in the Baltic states  |b links to other social justice issues and possibilities for intersectional activism  |c Kadri Aavik 
264 0 |c 2018 
336 |a Text  |b txt  |2 rdacontent 
337 |a Computermedien  |b c  |2 rdamedia 
338 |a Online-Ressource  |b cr  |2 rdacarrier 
650 7 |a Tierrecht  |0 (DE-588)4998381-7  |0 (DE-603)134719786  |2 gnd 
650 7 |a Privatrecht  |0 (DE-588)4047304-1  |0 (DE-603)085131938  |2 gnd 
650 7 |a Tierschutz  |0 (DE-588)4060131-6  |0 (DE-603)085167010  |2 gnd 
650 7 |a Altruismus  |0 (DE-588)4129281-9  |0 (DE-603)085452351  |2 gnd 
651 7 |a Baltikum  |0 (DE-588)4004379-4  |0 (DE-603)085003506  |2 gnd 
773 0 8 |i Enthalten in  |t Journal of Baltic studies  |d London ˜[u.a.] œ: Routledge, part of the Taylor & Francis Group, 1972-  |h Online-Ressource  |x 1751-7877  |g Band 49, Heft 4 (2018), Seite 509-527  |w (DE-603)181873397  |w (DE-600)2254161-5 
924 1 |9 2080  |a (DE-603)1035348659  |b DE-2080  |c HES  |d d  |g /